000 00363 a2200109 4500
001 ART_55115
005 20260410161800.0
008 260409a
245 1 0 _aDemonización y penalización del ejercicio de la profesión de ciencias económicas
100 1 _aSequeira, Marcos A.
773 0 _tDoctrina tributaria
_g- N°502 (ene. 2022)
_wREV4296
999 _c20490
_d20490